Youtuber*innen am Titel erraten #1 - Statistiken

Allgemein
  • Dieses Quiz wurde 1.433 mal gespielt
  • Das Durchschnittsergebnis liegt bei 3 aus 10
Antwortstatistiken
Youtube Titel Antwort % Korrekt
Der Mann im Mond - Akt 1 Julien Bam
97%
TikTok COACHES machen mich REICH... Renzo
49%
Ich habe ​⁠Mexify geschwängert! Roblox Roleplay Gnu
38%
MONTE PRIME Hungriger Hugo
34%
Wie ich in 2 Tagen ein Cosplay mache und auch noch Shoote (ich kann nicht mehr) Anni The Duck
32%
ALLES ESSEN auf dem MITTELALTER Ritterfest in MÖNCHENGLADBACH Sturmwaffel
28%
wir waren töpfern… oder haben es zumindest versucht Reved
25%
Mein erstes Mal: Five Nights at Freddy’s HandOfBlood
16%
Ich vercrafte das nicht mehr Mahluna
7%
Wette verloren = Zimmer aufräumen Bonjwa
1%
Keine übereinstimmenden Quizze gefunden
Verteilung der Resultate
Anzahl Personen mit jedem Resultat
Perzentil nach korrekt beantworteten Fragen
Ihre Resultats-Entwicklung
Sie haben dieses Quiz noch nicht gespielt